| 000 | 01075nam0a22002771 4500 | ||
|---|---|---|---|
| 001 | v19\rc\1369729 | ||
| 005 | 20260405071202.0 | ||
| 035 | _a(NLR Aleph) 004508405 | ||
| 090 |
_a4744445 _c4744445 |
||
| 100 | _a20060512d1867 |||y0rusy50 ca | ||
| 101 | 0 | _arus | |
| 102 | _aRU | ||
| 105 | _ay b ||||| | ||
| 200 | 1 | _aСказание о жизни и страданиях святой великомученицы Екатерины | |
| 210 |
_aМосква _cА.В. Морозов _d1867 |
||
| 215 |
_a36 с. _d18 |
||
| 300 | _aЗагл. обл.: Житие и страдание святой великомученицы Екатерины | ||
| 512 | 0 | _aЖитие и страдание святой великомученицы Екатерины | |
| 702 | 0 |
_4570 _8rus _7ca _aЕкатерина Александрийская _cсвятая _f-ок.307 _3RU\NLR\AUTH\7717728 _9814 |
|
| 801 | 0 |
_aRU _bNLR _gpsbo |
|
| 801 | 0 |
_aRU _bRuMoRGB _2psbo |
|
| 801 | 1 |
_aRU _bProSoft-M _2rusmarc |
|
| 852 |
_aNLR _j18.91.4.368 |
||
| 899 |
_aRuMoRGB _jE 80/965 |
||
| 942 | _cBOOK | ||
| 980 | _aNB | ||